000 00624nam a2200181Ia 4500
008 090124s9999 xx 000 0 und d
082 _b119369
100 _aबागूल चारुदत्त
245 _a पोलीस हवालदाराची डायरी
250 _a1
260 _c1982
300 _a252
600 _aबागूल चारुदत्त
630 _a पोलीस हवालदाराची डायरी
700 _aबागूल चारुदत्त
730 _a पोलीस हवालदाराची डायरी
942 _cBOOK
999 _c165455
_d165455